000 00540nam a2200181Ia 4500
001 5219
005 20260306145852.0
008 260306t2024||||xx |||||||||||||| ||spa||
041 _aESP
082 _a338.2
_bG52
100 _aGlave, Manuel,
_eAUT
245 0 _aTransiciones, movilización ciudadana y cambios institucionales :
_blecciones desde territorios con minería a gran escala en el Perú, Colombia y Chile
260 _c2024
300 _a283 páginas :
_c23 cm.
650 _aGEN
654 _aCAN
942 _cLIB
_dJUS
_fJUS
_2ddc
_n
999 _c5219
_d5219